Hybné sily vývoja svetovej ekonomiky

Predikcia vývoja reálneho HDP vo vybraných krajinách sveta. Komparácia vývoja bilancií FEDu a ECB s devízovými rezervami Čínskej centrálnej banky. Dynamika vývoja cien dlhodobých štátnych dlhopisov vo vybraných krajinách. Vývoj verejných financií a inflácie. Dlhodobý vývoj harmonizovanej inflácie v...

ver descrição completa

Na minha lista:
Detalhes bibliográficos
Autor principal: Bikár, Miloš, 1973-
Formato: Capítulo de Livro
Idioma:eslovaco
Assuntos:
Tags: Adicionar Tag
Sem tags, seja o primeiro a adicionar uma tag!

MARC

LEADER 00000nla a2200000 4500
001 0212965
005 20240502073538.2
041 0 |a slo 
044 |a SK 
245 1 0 |a Hybné sily vývoja svetovej ekonomiky  |c Miloš Bikár 
520 |a Predikcia vývoja reálneho HDP vo vybraných krajinách sveta. Komparácia vývoja bilancií FEDu a ECB s devízovými rezervami Čínskej centrálnej banky. Dynamika vývoja cien dlhodobých štátnych dlhopisov vo vybraných krajinách. Vývoj verejných financií a inflácie. Dlhodobý vývoj harmonizovanej inflácie v Eurozóne a v USA. 
610 2 0 |a trh finančný 
610 2 0 |a banky centrálne 
610 2 0 |a politika menová 
610 2 0 |a vývoj hospodársky 
610 2 0 |a financie verejné 
610 2 0 |a inflácia 
610 2 0 |a USA 
610 2 0 |a Európa 
610 2 0 |a Čína 
100 1 |a Bikár, Miloš, 1973-